| 000 | 00971cad a22002295a 4500 | ||
|---|---|---|---|
| 001 | L152832 | ||
| 008 | 110505s2011 xxk g 000 0 eng d | ||
| 020 | _a9781908257000 | ||
| 035 | _a(Sirsi) u152832 | ||
| 041 | 0 | _aeng | |
| 110 | 2 |
_aConcrete Centre _95831 |
|
| 245 | 0 | 0 |
_aFabric for the future _bwhole-life performance of concrete and masonry _h[electronic resource] |
| 260 |
_aCamberley _bMPA _c2011 |
||
| 520 | _aLooks at the benefits of concrete; design and construction, in-use, in-use long term benefits, end of life. | ||
| 590 | _aKA | ||
| 651 | 4 |
_aUnited Kingdom _y |
|
| 690 | _aBUILT ENVIRONMENT-SUSTAINABLE CONSTRUCTION | ||
| 690 | _aBUILT ENVIRONMENT-BUILDING MATERIALS-CEMENTITIOUS, CONCRETE AND MINERAL BOUND MATERIALS-CONCRETE | ||
| 710 | 2 |
_aMineral Products Association _95839 |
|
| 856 | 4 | 0 |
_uhttps://www.concretecentre.com/pdf/PublicationLibrary/MB_Fabric_for_Future_Feb11.pdf _zView the item free of charge at www.concretecentre.com |
| 942 | _n0 | ||
| 999 |
_c120906 _d120906 |
||